Influencer marketing a jeho vplyv na spotrebiteľské správanie vybranej generácie bakalárska práca

Uložené v:
Podrobná bibliografia
Hlavný autor: Hozáková, Kristína
Korporativný autor: Obchodná fakulta EU. Katedra marketingu
Ďalší autori: Klepochová, Dagmar, 1968-
Médium: Kniha
Jazyk:Slovak
Vydavateľské údaje: Bratislava 2021
Tagy: Pridať tag
Žiadne tagy, Buďte prvý, kto otaguje tento záznam!

MARC

LEADER 00000nbm a2200000 4500
001 0275979
005 20220127121711.5
041 0 |a slo 
044 |a SK 
245 1 0 |a Influencer marketing a jeho vplyv na spotrebiteľské správanie vybranej generácie  |b bakalárska práca  |c Kristína Hozáková ; školiteľ: Dagmar Klepochová 
264 1 |a Bratislava  |c 2021 
300 |a 53 s. 
100 1 |a Hozáková, Kristína 
700 1 |a Klepochová, Dagmar, 1968- 
710 2 |a Obchodná fakulta EU. Katedra marketingu